Multi-core embedded systems (Record no. 72607)

MARC details
000 -LEADER
fixed length control field 00567 a2200193 4500
005 - DATE AND TIME OF LATEST TRANSACTION
control field 20130813091542.0
008 - FIXED-LENGTH DATA ELEMENTS--GENERAL INFORMATION
fixed length control field 120322t xxu||||| |||| 00| 0 eng d
020 ## - INTERNATIONAL STANDARD BOOK NUMBER
International Standard Book Number 9781439811610
080 ## - UNIVERSAL DECIMAL CLASSIFICATION NUMBER
Universal Decimal Classification number 681.3:004.272.43
Item number KOR
100 ## - MAIN ENTRY--PERSONAL NAME
Personal name Kornaros, Georgious., ed.
Role ed.by
245 ## - TITLE STATEMENT
Title Multi-core embedded systems
260 ## - PUBLICATION, DISTRIBUTION, ETC. (IMPRINT)
Place of publication, distribution, etc Boca ration
Name of publisher, distributor, etc CRC press
Date of publication, distribution, etc 2010
300 ## - PHYSICAL DESCRIPTION
Extent xxix, 471p.
490 ## - SERIES STATEMENT
Series statement (embedded multi core systems)
653 ## - INDEX TERM--UNCONTROLLED
Uncontrolled term Embedded computer systems
653 ## - INDEX TERM--UNCONTROLLED
Uncontrolled term Multiprocessors
653 ## - INDEX TERM--UNCONTROLLED
Uncontrolled term Parallel processing
-- Computer science
942 ## - ADDED ENTRY ELEMENTS (KOHA)
item type Books
Holdings
Lost status Source of classification or shelving scheme Not for loan Home library Current library Shelving location Date acquired Cost, normal purchase price Total Checkouts Full call number Barcode Date last seen Date checked out Cost, replacement price Price effective from Koha item type
  Universal Decimal Classification   University Library University Library General Stacks 28/12/2011 0.00 2 004.031.6 KOR 00066509 15/11/2017 10/10/2017 0.00 28/12/2011 Books
University Library, CUSAT